Movies Quiz

Random Movies or Actor Quiz

Movies by Setting Quiz Stats

Quiz Updated Aug 29, 2016

Also try: Paris in Films
Challenge
Share
Tweet
Embed
Score 0/36 Timer 07:00
2 Plays Today
Setting Movie % Correct
A BoatTitanic
90.6%
A PlaneSnakes on a Plane
88.8%
Psychiatric HospitalOne Flew Over the Cuckoo's Nest
77.6%
Las VegasThe Hangover
75.4%
Planet other than EarthThe Martian
73.9%
A PlaneAirplane!
71.5%
JapanLost in Translation
68.5%
Hawaii50 First Dates
67.2%
HotelThe Shining
65.2%
A BoatCaptain Phillips
64.2%
JapanThe Last Samurai
62.8%
HotelPsycho
60.5%
A BoatLife of Pi
59.6%
HawaiiForgetting Sarah Marshall
55.8%
ThailandThe King and I
52.8%
Planet other than EarthTotal Recall
52.1%
Psychiatric HospitalGirl, Interrupted
50.3%
Mexico¡Three Amigos!
50.1%
Setting Movie % Correct
Planet other than EarthAvatar
48.2%
ThailandThe Beach
47.9%
HawaiiThe Descendants
46.4%
FranceLes Misérables
43.9%
FranceMidnight in Paris
40.4%
AlaskaThe Grey
38.8%
A PlaneFlightplan
37.3%
AlaskaThe Proposal
35.6%
AlaskaInsomnia
30.7%
MexicoSicario
29.7%
FranceBefore Sunset
27.5%
Psychiatric HospitalGothika
27.1%
JapanThe Grudge
24.4%
Las VegasFear and Loathing in Las Vegas
24%
MexicoFrom Dusk till Dawn
18.7%
ThailandThe Impossible
18.3%
HotelFour Rooms
18%
Las VegasPay It Forward
16.9%

You're not logged in!

Compare scores with friends on all Sporcle quizzes.
Join for Free
OR
Log In

You Might Also Like...

Show Comments

Extras

Top Quizzes Today


Score Distribution

Your Account Isn't Verified!

In order to create a playlist on Sporcle, you need to verify the email address you used during registration. Go to your Sporcle Settings to finish the process.

Report this User

Report this user for behavior that violates our Community Guidelines.

Details: